000 01563nam a2200217Ia 4500
003 Ost
005 20260416102356.0
008 260416s9999||||xx |||||||||||||| ||und||
040 _cfsecg
041 _aara
082 _a310
100 _aجنيدي، مراد
_eمؤلف
245 0 _aمحاضرات في الإحصاء 3 /
_c مراد جنيدي
260 _aالجزائر
_bجامعة الجزائر3: كلية العلوم الإقتصادية، العلوم التجارية وعلوم التسيير
_c2021
300 _a120 ورقة
_bايضاحات
_c30 سم
504 _aمراحع ص.120
520 _aالتوزيعات الاحتمالية الثنائية و تم التطرق من خلاتلها الى قوانين التوزيعات الاحتمالية للمتغيرات المنقطعة و المستمرة ، إختبار الفرضيات بالتطرق الى اختبار فرضيات الأزساط الحسابية و إختبار الفرضيات للفرق بين وسطين ، نظرة توزيع المعاينة و طرق اختيارها ، نظرية التقدير من خلاتل التعرض الى معايير الجودة في التقدير و التقدير النقطي و طريقة المعقولية العظمى...و أخيرا نمادج الانحدار الخطي البسيط و المتعدد.
653 _aالاحصاء
710 _aجامعة الجزائر3: كلية العلوم الإقتصادية، العلوم التجارية وعلوم التسيير
_eناشر علمي
942 _cHANDOUT
999 _c41211
_d41211